Bioinformatics: An Introduction (Record no. 358769)
[ view plain ]
| 000 -LEADER | |
|---|---|
| fixed length control field | 00572 a2200229 4500 |
| 005 - DATE & TIME | |
| control field | 20250217163231.0 |
| 008 - FIXED-LENGTH DATA ELEMENTS--GENERAL INFORMATION | |
| fixed length control field | 250217b |||||||| |||| 00| 0 eng d |
| 020 ## - ISBN | |
| International Standard Book Number | 9783030456092 |
| Price | € 64.99 |
| 040 ## - CATALOGING SOURCE | |
| Original cataloging agency | VIVEKANANDA LIBRARY |
| 082 ## - DDC NUMBER | |
| Classification number | 570.285 |
| Book Number | R149B(4) |
| 100 ## - MAIN ENTRY--PERSONAL NAME | |
| Personal name | Ramsden, Jeremy |
| 110 ## - MAIN ENTRY--CORPORATE NAME | |
| Corporate name | |
| 245 ## - TITLE STATEMENT | |
| Title | Bioinformatics: An Introduction |
| 250 ## - EDITION STATEMENT | |
| Edition statement | 4th |
| 260 ## - PUBLICATION, DISTRIBUTION, ETC. (IMPRINT) | |
| Name of publisher, distributor, etc | Springer |
| Date of publication, distribution, etc | 2023 |
| Place of publication, distribution, etc | Swwitzerland |
| 300 ## - PHYSICAL DESCRIPTION | |
| Pages | xxii, 404 |
| 440 ## - Series Statement | |
| Series Title | Computational biology |
| 650 ## - Subject | |
| Subject | Bioinformatics |
| 650 ## - Subject | |
| Subject | Computational Biology |
| 650 ## - Subject | |
| Subject | DNA |
| 942 ## - ADDED ENTRY ELEMENTS (KOHA) | |
| Koha item type | Books |
| Withdrawn status | Lost status | Source of classification or shelving scheme | Damaged status | Not for loan | Location (home branch) | Sublocation or collection (holding branch) | Shelving location | Date acquired | Koha issues (times borrowed) | Koha full call number | Accession No. | Koha date last seen | Koha item type |
|---|---|---|---|---|---|---|---|---|---|---|---|---|---|
| Dewey Decimal Classification | VIVEKANANDA LIBRARY | VIVEKANANDA LIBRARY | Vivekananda Library | 09/01/2025 | 570.285 R149B(4) | 436337 | 09/01/2025 | Books |
